Το διπλό βιβλίο : μυθιστόρημα
Αποθηκεύτηκε σε:
| Κύριος συγγραφέας: | |
|---|---|
| Μορφή: | Βιβλίο |
| Γλώσσα: | Greek |
| Δημοσίευση: |
Αθήνα :
Καστανιώτης,
c1977.
|
| Έκδοση: | 2η έκδ. ξανακοιταγμένη. |
| Θέματα: | |
| Ετικέτες: |
Προσθήκη ετικέτας
Δεν υπάρχουν, Καταχωρήστε ετικέτα πρώτοι!
|
MARC
| LEADER | 00000cam a2200000 i 4500 | ||
|---|---|---|---|
| 001 | 1/100452 | ||
| 008 | 090129s1977 gr | ||| |||| ||gre|| | ||
| 035 | |l 10102863 | ||
| 040 | |a GR-MyUa |b gre |e AACR2 | ||
| 041 | 0 | |a gre | |
| 082 | 7 | |a 889.3 |2 (22) | |
| 100 | 1 | |a Χατζής, Δημήτρης, |d 1913-1981. | |
| 245 | 1 | 3 | |a Το διπλό βιβλίο : |b μυθιστόρημα / |c Δημήτρη Χατζή. |
| 250 | |a 2η έκδ. ξανακοιταγμένη. | ||
| 260 | |a Αθήνα : |b Καστανιώτης, |c c1977. | ||
| 300 | |a 205 σ. ; |c 22 εκ. | ||
| 650 | 0 | |a Greek fiction. | |
| 852 | |a INST |b RHODES |c AKA |e 20190411 |h 889.3 ΧΑΤ |p 005400040616 |q 005400040616 |t BK |y 0 | ||
| 852 | |a INST |b SAMOS |e 20140304 |h 889.3 ΧΑΤ |p 005300036463 |q 005300036463 |t BK |y 0 | ||
| 852 | |a INST |b SYROS |e 20090129 |h 889.3 ΧΑΤ |p 005500008721 |q 005500008721 |t BK |y 0 | ||
| 901 | |a BIBL3-2014-1 | ||
| 901 | |a BIBL5-2009-1 | ||
| 970 | |a ΚΟΝΤΟΥ |b ΠΑΡΑΣΚΕΥΗ |z 2009/01/29 | ||